1715 1876 1742 1206 1967 1238 1925 1941 1897 1639 1341 1426 1649 1844 1446 1926 1858 1288 1160 1342 1471 1119 1691 1653 1258 1674 1687 1972 1759 1503 1548 1366 1228 1004 1149 1515 1927 1017 1694 1205 1962 1552 1979 1984 1339 1942 1915 1291 1962 1531 1643 1733 1681 1187 1419 1326 1271 1028 1401 1987 1499 1626 1235 1557 1214 1309 1134 1427 1792 1189 1006 1592 1393 1527 1634 1534 1440 1547 1077 1874 1191 1148 1224 1140 1189 1226 1845 1473 1439 1031 1513 1206 1726 1629 1857 1094 1685 1374 1819 BCNSPRNW ULIB Ver.6.0+V

เปลี่ยนเป็นภาษาไทย

Change to English
 แสดงรายละเอียดบรรณานุกรม
  กลับหน้าหลัก

Brief Record : Get Marc (ISO 2709) : E-mail record : QR code < ปิดหน้าต่าง
LEADER : 00000nam 2200000uu 4500
001    13399110265
003     ULIB
008    110427s2542||||th 000 0 tha d
020    9742919488
060  4 WM105^bส715ผ 2542
245 00 ผลการสำรวจภาวะสุขภาพจิตของประชาชนในภาวะวิกฤตเศรษฐกิจทางโทรศัพท์(วันที่ 8-12 มีนาคม 2542) /^cวรวรรณ จุฑา, พนมศรี เสาร์สาร, บรรณาธิการ
260    กรุงเทพฯ :^bยิ้มการพิมพ์,^c2542
300    65 หน้า
650  2 Mental Health
650  4 สุขภาพจิต^xแง่เศรษฐกิจ
700 0  วรวรรณ จุฑา
700 0  พนมศรี เสาร์สาร
710 2  กรมสุขภาพจิต
945    ^p0^l0^i011781
945    ^p0^l0^i011780
949    ทศพร
999 ^a ใช้งานได้ทุกระบบ
รายการนี้ยังไม่มีแท็ก
คุณยังไม่ได้ล็อกอิน คุณสามารถมีกิจกรรมร่วมกับเว็บไซต์ได้ แต่ต้องล็อกอินก่อน ::
  ล็อกอิน

รายการสื่อสารสนเทศ

ลำดับที่ ประเภท เลขเรียก/บาร์โค้ด สถานที่ สถานะ
- ไม่พบข้อมูล -

รายการใกล้เคียง
    หัวเรื่อง [Mental Health]

BibComment


ยังไม่เคยถูกคอมเมนท์

คอมเมนท์ทรัพยากรรายการนี้
  คอมเมนท์: ผลการสำรวจภาวะสุข..


 Copyright 2026. Bcnsprnw @Library